Phân tích các yếu tố ảnh hưởng đến tỷ lệ tiết kiệm của hộ gia đình ở Đồng bằng sông Cửu Long : Luận văn tốt nghiệp cao học chuyên ngành: Tài chính - Ngân hàng
Nội dung luận văn phân tích các yếu tố ảnh hưởng đến tỷ lệ tiết kiệm của các hộ gia đình khu vực ĐBSCL.
Guardado en:
| Autor principal: | |
|---|---|
| Formato: | Libro |
| Lenguaje: | Undetermined |
| Publicado: |
Cần Thơ
Trường Đại học Cần Thơ
2018
|
| Materias: | |
| Etiquetas: |
Agregar Etiqueta
Sin Etiquetas, Sea el primero en etiquetar este registro!
|
| Thư viện lưu trữ: | Trung tâm Học liệu Trường Đại học Cần Thơ |
|---|
| LEADER | 01087nam a2200217Ia 4500 | ||
|---|---|---|---|
| 001 | CTU_228088 | ||
| 008 | 210402s9999 xx 000 0 und d | ||
| 082 | |a 332.12 | ||
| 082 | |b Ng121 | ||
| 088 | |a 82340201 | ||
| 100 | |a Trịnh, Thị Ngọc Ngân | ||
| 245 | 0 | |a Phân tích các yếu tố ảnh hưởng đến tỷ lệ tiết kiệm của hộ gia đình ở Đồng bằng sông Cửu Long : | |
| 245 | 0 | |b Luận văn tốt nghiệp cao học chuyên ngành: Tài chính - Ngân hàng | |
| 245 | 0 | |c Trịnh Thị Ngọc Ngân ; Phạm Lê Thông (người hướng dẫn) | |
| 260 | |a Cần Thơ | ||
| 260 | |b Trường Đại học Cần Thơ | ||
| 260 | |c 2018 | ||
| 520 | |a Nội dung luận văn phân tích các yếu tố ảnh hưởng đến tỷ lệ tiết kiệm của các hộ gia đình khu vực ĐBSCL. | ||
| 650 | |a Commercial banking,Nghiệp vụ ngân hàng thương mại | ||
| 910 | |b dqhieu | ||
| 980 | |a Trung tâm Học liệu Trường Đại học Cần Thơ | ||